Normal view
MARC view
Entry Término temático
001 - NÚMERO DE CONTROL
- campo de control: 14789
003 - IDENTIFICADOR DEL NÚMERO DE CONTROL
- campo de control: FranzMayer
005 - FECHA Y HORA DE LA ÚLTIMA TRANSACCIÓN
- campo de control: 20190320205232.0
008 - DATOS DE LONGITUD FIJA
- campo de control de longitud fija: 190320|| aca||aabn | a|a d
040 ## - FUENTE DE LA CATALOGACIÓN
- Centro catalogador/agencia de origen: FranzMayer
- Centro/agencia transcriptor: FranzMayer
150 ## - ENCABEZAMIENTO--TÉRMINO DE MATERIA
- Término de materia o nombre geográfico como elemento de entrada: Petroleos Mexicanos
670 ## - FUENTE DE DATOS ENCONTRADOS
- Cita de la fuente: Work cat.: (FranzMayer): Discurso pronunciado por el Sr. Lic. Antonio Martínez Baez, Secretario de Economía y Presidente del Consejo de Administración de Petroleos Mexicanos en el XIV aniversario de la nacionalización de la Industria Petrolera, 18 de Marzo de 1952., 1966